000
00357nam a2200133Ia 4500
008
191206s9999 xx 000 0 und d
020
_a
517385708
090
_a
QC173.55.C34
245
0
_a
Einstein's universe
260
_a
Greenwich House
260
_c
c"1982, c1979"
300
_a
"vii, 154 p., [12] p. of plates : ill. ; 24 cm."
999
_c
15871
_d
15871